| 000 | 00380nam a2200145 i 4500 | ||
|---|---|---|---|
| 001 | bg | ||
| 100 | 1 | _aLEVENTAL', L. | |
| 245 | 0 |
_aProgrammirovanie na jazyke assemdl'era dlja mikroprocessorov... / _cL. Levental', U. Sejvill. |
|
| 260 |
_aMoskva, _c1987. |
||
| 700 | 1 | _aSEJVILL, U. | |
| 040 | _cBPK | ||
| 041 | _apol | ||
| 942 | _cKS | ||
| 008 | s pl f |000 0 pol | ||
| 999 |
_c23531 _d23531 |
||